Capitalismo, socialismo y democracia
Uloženo v:
| Hlavní autor: | |
|---|---|
| Médium: | Kniha |
| Jazyk: | španělština |
| Vydáno: |
Madrid
Aguilar
1968
|
| Edice: | Biblioteca de Ciencias Sociales. Sección primera: Economía
|
| Témata: | |
| Tagy: |
Přidat tag
Žádné tagy, Buďte první, kdo vytvoří štítek k tomuto záznamu!
|
MARC
| LEADER | 00000nam a2200000 a 4500 | ||
|---|---|---|---|
| 001 | UCR8129 | ||
| 003 | CL-VaPUC | ||
| 008 | 980519e19680000SP |||||||||||||||||spa|d | ||
| 082 | 0 | 4 | |a 335.51 |b SCH |2 21 |
| 100 | 0 | |a Schumpeter, Joseph A |e author |9 409827 | |
| 245 | 1 | 0 | |a Capitalismo, socialismo y democracia |
| 300 | |a 512 p | ||
| 942 | |c BK | ||
| 945 | |d 19980519 00:00:00 |a lriquelm | ||
| 260 | |a Madrid |b Aguilar |c 1968 | ||
| 650 | 7 | |a SOCIALISMO EN EUROPA HISTORIA |2 CL-VaPUC |9 315064 | |
| 650 | 0 | |a Capitalismo |9 255255 | |
| 650 | 0 | |a Democracia |9 255256 | |
| 650 | 7 | |a MARXISMO |2 CL-VaPUC |9 409828 | |
| 583 | |a last modification |c 19980519 00:00:00 |k Rodrigo Vera | ||
| 490 | 0 | |a Biblioteca de Ciencias Sociales. Sección primera: Economía | |
| 999 | |c 269693 |d 269691 | ||
| 952 | |0 0 |1 0 |4 0 |6 335_510000000000000_SCH_1968 |7 0 |8 A |9 303552 |a BIBENE |b BIBENE |d 2019-11-20 |i 1996185 |o 335.51 SCH 1968 |p 1996185 |r 2025-01-15 |w 2019-11-20 |y BK |k ICO | ||